000 00613nam a2200229Ia 4500
003 OSt
005 20221007071916.0
006 a|||||r|||| 00| 0
007 ta
008 221006b |||||||| |||| 00| 0 eng d
024 _a25,083
037 _cTextual
040 _aFLL
_cFLL
_beng
041 _2eng
_aeng
082 _aZ3:9298, F8
100 _aRobson William A.
245 0 _aJustice and administrative law
260 _aLondon
_bMacmillan And Co., Limited UK
_c1928
300 _axviii,346p
_ccm.
942 _hZ3:9298, F8
_cTEXL
_2CC
999 _c1144650
_d1144650